[Event "7ème édition de l'open A de Provence"]
[Site "Salon de Provence"]
[Date "2016.07.09"]
[Round "2.8"]
[White "Moncamp, Gilles"]
[Black "Benavides, Jeremy"]
[Result "0-1"]
[WhiteElo "2101"]
[BlackElo "1910"]
[PlyCount "108"]
[EventDate "2016.??.??"]
[WhiteTeam "Echiquier Marseillais 1872"]
[BlackTeam "Salon Nostradamus"]

1. e4 c5 2. c3 d5 3. exd5 Qxd5 4. Na3 g6 5. Nf3 Bg7 6. Bc4 Qd8 7. d3 Nf6 8. Be3
Nbd7 9. h4 O-O 10. h5 gxh5 11. Qd2 a6 12. Bh6 b5 13. Qg5 Ne8 14. Bd5 Rb8 15.
Bxg7 Nxg7 16. O-O-O e6 17. Be4 Qxg5+ 18. Nxg5 f5 19. Bf3 Nf6 20. Nc2 Bb7 21.
Bxb7 Rxb7 22. Rhe1 Re8 23. d4 h6 24. Nh3 b4 25. cxb4 cxb4 26. Nf4 b3 27. axb3
Rxb3 28. Re3 Rxe3 29. Nxe3 Ng4 30. Nxg4 hxg4 31. Rd3 Kf7 32. Ra3 Rd8 33. Rxa6
Rxd4 34. Ra7+ Kf6 35. g3 h5 36. Ra8 Rd6 37. Rf8+ Ke5 38. Rf7 Ne8 39. Nxh5 Ke4
40. Re7 Rd8 41. f4 gxf3 42. Rxe6+ Kd4 43. Re1 f2 44. Rf1 Ke3 45. Nf4 Nf6 46.
Nh3 Ne4 47. Nxf2 Nxf2 48. Re1+ Kf3 49. Kc2 Kxg3 50. b4 Rb8 51. Re5 f4 52. b5
Ng4 53. Rg5 f3 54. Kc3 Kf4 0-1

[Event "7ème édition de l'open A de Provence"]
[Site "Salon de Provence"]
[Date "2016.07.09"]
[Round "2.9"]
[White "Baroyan, Davit"]
[Black "Figier, Anthony"]
[Result "1/2-1/2"]
[WhiteElo "1946"]
[BlackElo "2070"]
[PlyCount "94"]
[EventDate "2016.??.??"]
[WhiteTeam "Marseille Echecs"]
[BlackTeam "Marseille Echecs"]

1. e4 Nf6 2. e5 Ng8 3. d4 g6 4. Nf3 Bg7 5. c4 c5 6. d5 d6 7. Bf4 dxe5 8. Bxe5
Nf6 9. Qb3 O-O 10. Be2 Nbd7 11. Bc3 a6 12. O-O Rb8 13. a4 b6 14. Nbd2 Bb7 15.
Ng5 b5 16. cxb5 axb5 17. Bxb5 Bxd5 18. Qc2 Qc7 19. Nge4 Ng4 20. Nf3 Qf4 21.
Rfe1 Bxc3 22. bxc3 Nde5 23. Nxe5 Qxh2+ 24. Kf1 Nxe5 25. Rad1 Rbd8 26. Rxd5 Rxd5
27. Ng3 Rfd8 28. c4 Rd2 29. Qc3 Ng4 30. Re2 Rd1+ 31. Re1 R8d3 32. Qa5 Rxg3 33.
fxg3 Rxe1+ 34. Qxe1 Qh1+ 35. Ke2 Qxg2+ 36. Kd1 Qa2 37. Qxe7 Nf2+ 38. Ke1 Nd3+
39. Kd1 Nf2+ 40. Ke1 Nd3+ 41. Kd1 Qa1+ 42. Kd2 Qc1+ 43. Kxd3 Qd1+ 44. Kc3 Qc1+
45. Kb3 Qb1+ 46. Kc3 Qc1+ 47. Kb3 Qb1+ 1/2-1/2

[Event "7ème édition de l'open A de Provence"]
[Site "Salon de Provence"]
[Date "2016.07.09"]
[Round "2.10"]
[White "Kolb, Sebastien"]
[Black "Wilfert, Fabrice"]
[Result "1/2-1/2"]
[WhiteElo "2058"]
[BlackElo "1856"]
[PlyCount "60"]
[EventDate "2016.??.??"]
[WhiteTeam "Salon Nostradamus"]
[BlackTeam "Cheval Marin d'Istres-Fos"]

1. e4 e5 2. Nf3 Nf6 3. Nxe5 d6 4. Nf3 Nxe4 5. Nc3 Nxc3 6. dxc3 Be7 7. Be3 Nc6
8. Qd2 Be6 9. Ng5 Qd7 10. Bb5 a6 11. Ba4 b5 12. Bb3 Bxb3 13. cxb3 Qf5 14. Nf3
Ne5 15. Nxe5 dxe5 16. O-O Rd8 17. Qe2 O-O 18. a4 Qd3 19. Qxd3 Rxd3 20. axb5
axb5 21. Ra7 Bd6 22. b4 f5 23. Rb7 Rd5 24. g3 f4 25. Ba7 Re8 26. Re1 e4 27. Rb8
Rxb8 28. Bxb8 fxg3 29. hxg3 Rd2 30. Rxe4 Kf7 1/2-1/2

[Event "7ème édition de l'open A de Provence"]
[Site "Salon de Provence"]
[Date "2016.07.09"]
[Round "2.11"]
[White "Mars, Fiona"]
[Black "Ammar, Sedrani"]
[Result "1-0"]
[WhiteElo "1706"]
[BlackElo "1818"]
[PlyCount "73"]
[EventDate "2016.??.??"]
[WhiteTeam "CE Vitrolles"]

1. e4 c5 2. d4 cxd4 3. c3 Nf6 4. e5 Nd5 5. Bc4 Qc7 6. Qe2 Nb6 7. Bb3 Nc6 8. Nf3
d3 9. Qxd3 Nxe5 10. Nxe5 Qxe5+ 11. Be3 d6 12. Nd2 Bf5 13. Qe2 Qa5 14. O-O e6
15. Bd4 Be7 16. Rad1 O-O 17. Qf3 d5 18. Qg3 Bg6 19. c4 Nxc4 20. Nxc4 dxc4 21.
Bxc4 Rac8 22. Bb3 a6 23. Bc3 Qb5 24. Rfe1 Rfd8 25. Qg4 Qf5 26. Qe2 Bd6 27. Rd2
Rxc3 28. bxc3 Bxh2+ 29. Kh1 Bd6 30. Qf3 Qc5 31. Qe3 Qh5+ 32. Qh3 Qg5 33. Red1
Bf5 34. Qh2 Bg4 35. Rxd6 Rxd6 36. Qxd6 Qh5+ 37. Kg1 1-0

[Event "7ème édition de l'open A de Provence"]
[Site "Salon de Provence"]
[Date "2016.07.09"]
[Round "2.12"]
[White "San Marco, Jean"]
[Black "Ouahhoud, Yassine"]
[Result "1/2-1/2"]
[WhiteElo "1817"]
[BlackElo "1714"]
[PlyCount "100"]
[EventDate "2016.??.??"]
[WhiteTeam "La Ciotat Echecs (LCE)"]
[BlackTeam "Marseille Echecs"]

1. Nf3 Nf6 2. d4 c5 3. c3 e6 4. Bf4 Nc6 5. e3 Be7 6. Nbd2 cxd4 7. exd4 b6 8.
Bd3 Bb7 9. h3 a5 10. Qe2 Qc8 11. Nc4 Ba6 12. Nxb6 Bxd3 13. Qxd3 Qa6 14. Qxa6
Rxa6 15. Nc4 O-O 16. O-O d5 17. Nce5 Nxe5 18. Nxe5 Bd6 19. Nd3 Bxf4 20. Nxf4
Rfa8 21. Nd3 a4 22. a3 Ne4 23. Rfe1 Nd2 24. Re2 Nb3 25. Rae1 Rb6 26. Nb4 Na5
27. Nxd5 Rb3 28. Nb4 Nc4 29. Nd3 Kf8 30. f4 g6 31. g4 Rab8 32. Ne5 Rxb2 33.
Nd7+ Kg7 34. Nxb8 Rxb8 35. f5 exf5 36. gxf5 Rb3 37. fxg6 hxg6 38. Re7 Rxc3 39.
Rf1 Nd6 40. Rd7 Nf5 41. d5 Rxa3 42. Rd1 Rxh3 43. d6 Rh8 44. Ra7 Rd8 45. d7 f6
46. Rxa4 Kf7 47. Ra7 Ng7 48. Kf2 Ne6 49. Ke3 Ke7 50. Kf3 Kf7 1/2-1/2

[Event "7ème édition de l'open A de Provence"]
[Site "Salon de Provence"]
[Date "2016.07.09"]
[Round "2.13"]
[White "Gamblin, Thibaut"]
[Black "Girard, Jean-Pierre"]
[Result "1-0"]
[WhiteElo "1681"]
[BlackElo "1787"]
[PlyCount "105"]
[EventDate "2016.??.??"]
[WhiteTeam "Marseille Echecs"]
[BlackTeam "CE Vitrolles"]

1. d4 Nf6 2. c4 e6 3. Nc3 Bb4 4. e3 c5 5. Nge2 cxd4 6. exd4 b6 7. a3 Be7 8. d5
d6 9. g3 e5 10. Bg2 O-O 11. O-O Nbd7 12. f4 Qc7 13. b3 a6 14. fxe5 Nxe5 15. Bf4
Ng6 16. Be3 Bd7 17. a4 Ng4 18. Bd4 Bg5 19. Nf4 Nxf4 20. gxf4 Bf6 21. Ne4 Bxd4+
22. Qxd4 b5 23. axb5 axb5 24. Rxa8 Rxa8 25. f5 f6 26. Nxd6 Nxh2 27. Kxh2 Qxd6+
28. Qf4 Qb4 29. Qc7 Qe7 30. d6 Qe5+ 31. Kh1 Bxf5 32. Bxa8 Be4+ 33. Bxe4 Qxe4+
34. Kg1 Qe3+ 35. Kg2 Qe2+ 36. Rf2 Qg4+ 37. Kf1 Qd1+ 38. Kg2 Qg4+ 39. Kh1 Qh4+
40. Kg1 Qg3+ 41. Kf1 Qd3+ 42. Re2 Qd1+ 43. Kf2 Qd4+ 44. Ke1 Qc3+ 45. Kf2 Qd4+
46. Re3 Qd2+ 47. Kf3 Qd1+ 48. Ke4 Qc2+ 49. Kd4 Qd2+ 50. Rd3 Qf4+ 51. Kc5 Qe5+
52. Rd5 Qe3+ 53. Kc6 1-0

[Event "7ème édition de l'open A de Provence"]
[Site "Salon de Provence"]
[Date "2016.07.09"]
[Round "2.14"]
[White "Graille, Sebastien"]
[Black "Boghossian, Hugo"]
[Result "1-0"]
[WhiteElo "1781"]
[BlackElo "1682"]
[PlyCount "47"]
[EventDate "2016.??.??"]
[WhiteTeam "Club Provence Echecs"]
[BlackTeam "CE Vitrolles"]

1. c4 e5 2. Nc3 Nc6 3. Nf3 f5 4. d4 e4 5. Bg5 Be7 6. Bxe7 Ngxe7 7. Nd2 d5 8. e3
Be6 9. Be2 Qd7 10. O-O O-O-O 11. c5 g5 12. a3 Ng6 13. b4 f4 14. b5 Na5 15. c6
bxc6 16. Qa4 Nc4 17. Qa6+ Kb8 18. bxc6 Qc8 19. Bxc4 Qxa6 20. Bxa6 Rdf8 21.
Rab1+ Ka8 22. Nb3 Ne7 23. Nc5 Bc8 24. Bb7+ 1-0

[Event "7ème édition de l'open A de Provence"]
[Site "Salon de Provence"]
[Date "2016.07.09"]
[Round "2.15"]
[White "Gamblin, Antoine"]
[Black "Colandrea, Sauveur"]
[Result "1/2-1/2"]
[WhiteElo "1633"]
[BlackElo "1758"]
[PlyCount "52"]
[EventDate "2016.??.??"]
[WhiteTeam "Marseille Echecs"]
[BlackTeam "Puy Ste Réparade"]

1. e4 d6 2. d4 Nf6 3. Nc3 Nbd7 4. Nf3 e5 5. Bg5 c6 6. Be2 Qc7 7. O-O Be7 8. Qd2
O-O 9. Rfe1 b5 10. a3 a6 11. Bf1 Re8 12. Rad1 Bf8 13. b4 h6 14. Bh4 g5 15. Bg3
Nh5 16. d5 c5 17. Rc1 Nxg3 18. hxg3 cxb4 19. axb4 Nb6 20. Nd1 Nc4 21. Qc3 Bd7
22. Ne3 Rec8 23. Bxc4 bxc4 24. Nd2 Bb5 25. Nf5 Bd7 26. Ne3 Bb5 1/2-1/2

[Event "7ème édition de l'open A de Provence"]
[Site "Salon de Provence"]
[Date "2016.07.09"]
[Round "2.16"]
[White "Piat, Jean-Pascal"]
[Black "Bohli, Adam"]
[Result "0-1"]
[WhiteElo "1758"]
[BlackElo "1650"]
[PlyCount "78"]
[EventDate "2016.??.??"]
[WhiteTeam "Cheval Marin d'Istres-Fos"]
[BlackTeam "Marseille Echecs"]

1. d4 Nf6 2. Nc3 d5 3. e4 dxe4 4. f3 e3 5. Bxe3 g6 6. Bc4 c6 7. Qd2 h5 8. h4
Bg7 9. Nh3 Bxh3 10. gxh3 Nbd7 11. O-O-O Nb6 12. Bb3 Nbd5 13. Bg5 Nxc3 14. bxc3
Qa5 15. Rhe1 O-O 16. Qd3 Nd5 17. Kb2 e6 18. Bd2 b5 19. Rxe6 fxe6 20. Qxg6 Rf6
21. Qxh5 Qc7 22. Qg4 Qf7 23. h5 Kf8 24. c4 bxc4 25. Bxc4 Rb8+ 26. Bb3 a5 27.
Ka1 c5 28. Qg3 Qc7 29. Qxc7 Nxc7 30. Bxa5 Na6 31. Bc4 Nb4 32. Bb3 Rxf3 33. Bc7
Rc8 34. Bd6+ Kf7 35. a3 Nxc2+ 36. Bxc2 Bxd4+ 37. Ka2 Rc6 38. Bg6+ Kg8 39. Rg1
Bxg1 0-1

[Event "7ème édition de l'open A de Provence"]
[Site "Salon de Provence"]
[Date "2016.07.09"]
[Round "2.17"]
[White "Ahmed Rashed Al Hefe"]
[Black "Sanchez, Frederic"]
[Result "1-0"]
[WhiteElo "1588"]
[BlackElo "1732"]
[PlyCount "93"]
[EventDate "2016.??.??"]
[BlackTeam "Salon Nostradamus"]

1. d4 d5 2. Nf3 c6 3. Bf4 Nf6 4. e3 Bf5 5. c4 e6 6. Nc3 Nbd7 7. Qb3 Qb6 8. c5
Qxb3 9. axb3 Be7 10. Be2 O-O 11. O-O Nh5 12. Bg3 Nxg3 13. hxg3 a5 14. Rfc1 Rfb8
15. g4 Bxg4 16. Ra2 b6 17. Rca1 bxc5 18. Rxa5 Rxa5 19. Rxa5 cxd4 20. Nxd4 Bxe2
21. Nxc6 Bb4 22. Ra7 Bc5 23. Rxd7 Rc8 24. b4 Bf8 25. Na7 Rxc3 26. bxc3 g6 27.
Rc7 Bd6 28. Rc6 Be5 29. f4 Bf6 30. b5 Kf8 31. b6 Ba6 32. b7 Bxb7 33. Rb6 Bxc3
34. Rxb7 d4 35. Nb5 Bd2 36. exd4 Bxf4 37. Kf2 Kg7 38. Kf3 g5 39. g3 Bd2 40. Nd6
Kg6 41. Nc4 Bc3 42. Ne5+ Kh6 43. Nxf7+ Kg6 44. Ne5+ Kh6 45. Ke4 Be1 46. g4 Bf2
47. Re7 1-0

[Event "7ème édition de l'open A de Provence"]
[Site "Salon de Provence"]
[Date "2016.07.09"]
[Round "2.18"]
[White "Quet, Jean-Francois"]
[Black "Mohamed Saeed Laily"]
[Result "1-0"]
[WhiteElo "1730"]
[BlackElo "1589"]
[PlyCount "73"]
[EventDate "2016.??.??"]
[WhiteTeam "ASPTT Marseille"]

1. d4 d5 2. c4 e6 3. Nc3 c6 4. Nf3 dxc4 5. a4 Bb4 6. Bd2 a5 7. e3 b5 8. axb5
Bxc3 9. Bxc3 cxb5 10. d5 Nf6 11. Nd4 b4 12. Bxb4 exd5 13. Be2 Bb7 14. Ba3 Na6
15. Qa4+ Nd7 16. Nf5 Qb6 17. Nd6+ Kd8 18. Nxf7+ Kc7 19. Nxh8 Rxh8 20. O-O Ndc5
21. Bxc5 Nxc5 22. Qxa5 Qxa5 23. Rxa5 Nb3 24. Ra3 Kb6 25. Rd1 Kc5 26. Bd3 g6 27.
Bc2 Ra8 28. Rxa8 Bxa8 29. Bxb3 cxb3 30. g4 Kc4 31. Rd4+ Kc5 32. g5 Bc6 33. Kf1
Bb5+ 34. Ke1 Bc4 35. Kd2 Kd6 36. Rh4 Ke5 37. Rxh7 1-0

[Event "7ème édition de l'open A de Provence"]
[Site "Salon de Provence"]
[Date "2016.07.09"]
[Round "2.19"]
[White "Benezra, Esther"]
[Black "Jackson, Edgar"]
[Result "0-1"]
[WhiteElo "1575"]
[BlackElo "1723"]
[PlyCount "76"]
[EventDate "2016.??.??"]
[WhiteTeam "L'Echiquier du Roy René"]
[BlackTeam "Gondrin Echecs Loisirs"]

1. e4 c5 2. Nf3 e6 3. b3 d5 4. exd5 exd5 5. Bb2 Nf6 6. d4 b6 7. dxc5 bxc5 8.
Bb5+ Bd7 9. Bxd7+ Nbxd7 10. O-O Be7 11. Re1 O-O 12. Nc3 d4 13. Ne2 Re8 14. c3
dxc3 15. Nxc3 Rb8 16. Qc2 Qa5 17. Na4 Nd5 18. Qc4 N7b6 19. Nxb6 Nxb6 20. Qg4
Bf8 21. Rec1 Nd5 22. Qh5 Nf4 23. Qf5 Ne2+ 24. Kf1 Nxc1 25. Rxc1 Qb6 26. Rc4 Qe6
27. Qc2 Rb4 28. Bc3 Rxc4 29. bxc4 Qxc4+ 30. Kg1 Re2 31. Qb3 Qxb3 32. axb3 Rc2
33. Be1 c4 34. bxc4 Rxc4 35. g3 Bb4 36. Kg2 Bxe1 37. Nxe1 Rc3 38. Nf3 a5 0-1

[Event "7ème édition de l'open A de Provence"]
[Site "Salon de Provence"]
[Date "2016.07.09"]
[Round "2.20"]
[White "Khalifah, Khaled"]
[Black "Salvi, Michel"]
[Result "0-1"]
[WhiteElo "1486"]
[BlackElo "1721"]
[PlyCount "69"]
[EventDate "2016.??.??"]
[BlackTeam "Cercle d'Echecs Aubagnais"]

1. d4 Nf6 2. Bf4 e6 3. Nf3 d5 4. e3 Nh5 5. Bg5 Be7 6. Bxe7 Qxe7 7. Bd3 Nf6 8.
O-O O-O 9. Ne5 Nbd7 10. f4 c5 11. c3 cxd4 12. cxd4 Ne4 13. Nd2 f6 14. Nxd7 Nxd2
15. Nxf6+ Rxf6 16. Qxd2 Bd7 17. Rf3 b5 18. Rh3 h6 19. Rg3 b4 20. Rc1 a5 21. Rc7
Qd8 22. Qc2 Rc8 23. Rxc8 Bxc8 24. Qc5 Rf7 25. Qc2 Rc7 26. Qd2 Qe8 27. Rf3 Qa4
28. Rf1 Qxa2 29. Rc1 Rxc1+ 30. Qxc1 Bd7 31. Qc7 Qxb2 32. Qd8+ Kf7 33. Bc2 Qc3
34. Bh7 Be8 35. Qxa5 0-1

[Event "7ème édition de l'open A de Provence"]
[Site "Salon de Provence"]
[Date "2016.07.09"]
[Round "3.1"]
[White "Rausis, Igors"]
[Black "Vavric, Pavel"]
[Result "1-0"]
[WhiteElo "2582"]
[BlackElo "2337"]
[PlyCount "49"]
[EventDate "2016.??.??"]
[WhiteTeam "Orcher la Tour"]
[BlackTeam "Gondrin Echecs Loisirs"]

1. e4 c6 2. d4 d5 3. Nc3 dxe4 4. Nxe4 Nf6 5. Nxf6+ gxf6 6. Bc4 Bf5 7. Ne2 e6 8.
Ng3 Bg6 9. h4 h5 10. c3 Nd7 11. Qf3 Qc7 12. Bf4 Bd6 13. Bxd6 Qxd6 14. O-O O-O-O
15. a4 Nb6 16. Bb3 Nd5 17. Bxd5 Qxd5 18. Qxf6 Qb3 19. a5 a6 20. Ne2 Qxb2 21.
Nf4 Rhg8 22. Nxg6 Rxg6 23. Qxf7 Rdg8 24. Rab1 Rxg2+ 25. Kh1 1-0

[Event "7ème édition de l'open A de Provence"]
[Site "Salon de Provence"]
[Date "2016.07.09"]
[Round "3.2"]
[White "Jeanjean, Dominique"]
[Black "Vedmediuc, Serghei"]
[Result "0-1"]
[WhiteElo "2129"]
[BlackElo "2442"]
[PlyCount "76"]
[EventDate "2016.??.??"]
[WhiteTeam "L'Echiquier du Roy René"]
[BlackTeam "Gondrin Echecs Loisirs"]

1. e4 c5 2. Nf3 Nc6 3. d4 cxd4 4. Nxd4 Qb6 5. Nb3 Nf6 6. Nc3 e6 7. a3 Be7 8.
Bf4 O-O 9. e5 Ne8 10. Bd3 Qd8 11. Ne4 f6 12. Qh5 g6 13. Qh6 Nxe5 14. Bxe5 fxe5
15. h4 Rf7 16. Ng5 Rg7 17. Rh3 d5 18. O-O-O Nd6 19. Nc5 Bxg5+ 20. hxg5 Nf7 21.
Qh4 Qxg5+ 22. Qxg5 Nxg5 23. Rg3 Nf7 24. Be2 b6 25. Nd3 Ba6 26. Bg4 Bxd3 27.
cxd3 Re8 28. Re1 h5 29. Bd1 Kf8 30. Kd2 Rg8 31. Ba4 Re7 32. Rc1 g5 33. Rh3 h4
34. Bd1 Kg7 35. Re3 Rh8 36. Rc6 Rh6 37. Bg4 e4 38. dxe4 d4 0-1

[Event "7ème édition de l'open A de Provence"]
[Site "Salon de Provence"]
[Date "2016.07.09"]
[Round "3.3"]
[White "Benavides, Jeremy"]
[Black "Midoux, Sebastien"]
[Result "0-1"]
[WhiteElo "1910"]
[BlackElo "2343"]
[PlyCount "62"]
[EventDate "2016.??.??"]
[WhiteTeam "Salon Nostradamus"]
[BlackTeam "CE Vitrolles"]

1. e4 c6 2. d4 d5 3. Nc3 dxe4 4. Nxe4 h6 5. Nf3 Bf5 6. Nc5 b6 7. Na6 Nxa6 8.
Bxa6 Qd5 9. Bd3 Bg4 10. Be3 Bxf3 11. gxf3 Nf6 12. c4 Qd7 13. d5 e6 14. dxc6
Qxc6 15. Rg1 O-O-O 16. Qe2 Bb4+ 17. Kf1 Qd6 18. a3 Bc5 19. Bxc5 bxc5 20. Be4
Nh5 21. Qe3 Qd4 22. Qxd4 Rxd4 23. Ke2 Rhd8 24. Rae1 Rd2+ 25. Ke3 Rxb2 26. Rb1
Rdd2 27. Rxb2 Rxb2 28. Bc6 g5 29. h4 f6 30. hxg5 hxg5 31. Rh1 Nf4 0-1

[Event "7ème édition de l'open A de Provence"]
[Site "Salon de Provence"]
[Date "2016.07.09"]
[Round "3.4"]
[White "Petrossian, Armen"]
[Black "Baroyan, Davit"]
[Result "1-0"]
[WhiteElo "2407"]
[BlackElo "1946"]
[PlyCount "145"]
[EventDate "2016.??.??"]
[WhiteTeam "Marseille Echecs"]
[BlackTeam "Marseille Echecs"]

1. e4 c5 2. Nf3 d6 3. d4 cxd4 4. Qxd4 Nf6 5. Nc3 Nc6 6. Qd3 g6 7. Be2 Bg7 8.
O-O O-O 9. Nd5 Nxd5 10. exd5 Ne5 11. Nxe5 Bxe5 12. Qb3 Qc7 13. c3 b6 14. Be3
Bf5 15. f3 Qb7 16. a4 Rab8 17. Rfd1 Rfc8 18. a5 Qc7 19. axb6 axb6 20. Ra6 b5
21. Qb4 Bd7 22. Rda1 e6 23. Ra7 Qd8 24. f4 Bf6 25. Qxd6 Be8 26. Qxd8 Rxd8 27.
dxe6 fxe6 28. Bg4 Bf7 29. Bc5 Rd2 30. Ra8 Rxa8 31. Rxa8+ Rd8 32. Ra6 h5 33.
Bxe6 Rd1+ 34. Kf2 Bxe6 35. Rxe6 Kf7 36. Re2 Rh1 37. h3 g5 38. fxg5 Bxg5 39. Bd4
Bh4+ 40. Kf3 Rf1+ 41. Ke4 Ke6 42. Kd3+ Kd6 43. Re5 Bf6 44. Rxh5 Bxd4 45. cxd4
Rf2 46. Rxb5 Rxg2 47. b4 Rg3+ 48. Kc4 Rxh3 49. Rb6+ Kc7 50. Rg6 Rh1 51. d5 Rc1+
52. Kb5 Rd1 53. d6+ Kd7 54. Kb6 Rb1 55. b5 Rb2 56. Ka6 Ra2+ 57. Kb7 Rb2 58. b6
Rb1 59. Rg2 Ra1 60. Rd2 Ra3 61. Rd4 Ra1 62. Kb8 Ra2 63. b7 Ra1 64. Rc4 Ra2 65.
Rc7+ Kd8 66. d7 Ra1 67. Rc8+ Kxd7 68. Rc4 Rh1 69. Ra4 Rh8+ 70. Ka7 Kc7 71. Rc4+
Kd6 72. b8=Q+ Rxb8 73. Kxb8 1-0

[Event "7ème édition de l'open A de Provence"]
[Site "Salon de Provence"]
[Date "2016.07.09"]
[Round "3.5"]
[White "Wilfert, Fabrice"]
[Black "Maes, Wim"]
[Result "0-1"]
[WhiteElo "1856"]
[BlackElo "2179"]
[PlyCount "84"]
[EventDate "2016.??.??"]
[WhiteTeam "Cheval Marin d'Istres-Fos"]
[BlackTeam "Reims Echec et Mat"]

1. e4 c5 2. Nc3 a6 3. a4 e6 4. f4 d5 5. Nf3 d4 6. Ne2 d3 7. cxd3 Nc6 8. Nc3 Nb4
9. Be2 Ne7 10. O-O Nec6 11. b3 Nxd3 12. Bxd3 Qxd3 13. Qe2 Qd8 14. e5 Be7 15.
Bb2 f5 16. Rad1 O-O 17. Nb1 Qb6 18. Qe3 Na5 19. Bc3 Nxb3 20. Na3 Qc6 21. Nc4 b5
22. axb5 axb5 23. Nd6 Ra4 24. Rb1 Na5 25. Rxb5 Bxd6 26. Rxa5 Be7 27. Ra1 Re4
28. Qd3 Rxf4 29. Qb5 Bd7 30. Qxc6 Bxc6 31. Ra7 Re8 32. Kf2 g5 33. Ke3 Rc4 34.
Rc7 Bd5 35. Raa7 Kf8 36. Ke2 h6 37. Ne1 Rh4 38. h3 g4 39. hxg4 Rxg4 40. Nd3 Bc4
41. Rd7 Bb5 42. Ke3 Bxd7 0-1

[Event "7ème édition de l'open A de Provence"]
[Site "Salon de Provence"]
[Date "2016.07.09"]
[Round "3.6"]
[White "Figier, Anthony"]
[Black "Jackson, Thomas"]
[Result "1/2-1/2"]
[WhiteElo "2070"]
[BlackElo "2002"]
[PlyCount "42"]
[EventDate "2016.??.??"]
[WhiteTeam "Marseille Echecs"]
[BlackTeam "Gondrin Echecs Loisirs"]

1. d4 Nf6 2. c4 e6 3. Nf3 b6 4. g3 Bb7 5. Bg2 Be7 6. O-O O-O 7. Nc3 Ne4 8. Qc2
Nxc3 9. Qxc3 f5 10. Rd1 Bf6 11. Qb3 Be4 12. d5 e5 13. d6 c5 14. Ne1 Bxg2 15.
Nxg2 Nc6 16. e3 g5 17. Qd3 Bg7 18. f4 gxf4 19. gxf4 e4 20. Qd5+ Kh8 21. a3 a5
1/2-1/2

[Event "7ème édition de l'open A de Provence"]
[Site "Salon de Provence"]
[Date "2016.07.09"]
[Round "3.7"]
[White "Charvein, Gabriel"]
[Black "Kolb, Sebastien"]
[Result "0-1"]
[WhiteElo "1951"]
[BlackElo "2058"]
[PlyCount "58"]
[EventDate "2016.??.??"]
[WhiteTeam "Marseille Echecs"]
[BlackTeam "Salon Nostradamus"]

1. e4 c5 2. a3 g6 3. b4 Bg7 4. c3 d5 5. Qb3 dxe4 6. Bc4 e6 7. f3 Nf6 8. fxe4
Nxe4 9. Nf3 O-O 10. d3 Nd6 11. bxc5 Nxc4 12. Qxc4 e5 13. Bg5 Qc7 14. d4 exd4
15. cxd4 Re8+ 16. Kf2 Be6 17. Re1 Nd7 18. Rxe6 Rxe6 19. Nc3 Qa5 20. Bd2 Qa6 21.
Nb5 Rae8 22. Rf1 Qc6 23. Kg1 a6 24. Nc3 b5 25. Qb3 Nxc5 26. dxc5 Qxc5+ 27. Kh1
Qc4 28. Qxc4 bxc4 29. Nd5 Rd6 0-1

[Event "7ème édition de l'open A de Provence"]
[Site "Salon de Provence"]
[Date "2016.07.09"]
[Round "3.8"]
[White "Quet, Jean-Francois"]
[Black "Moncamp, Gilles"]
[Result "0-1"]
[WhiteElo "1730"]
[BlackElo "2101"]
[PlyCount "40"]
[EventDate "2016.??.??"]
[WhiteTeam "ASPTT Marseille"]
[BlackTeam "Echiquier Marseillais 1872"]

1. e4 e5 2. Nf3 Nc6 3. Bb5 f5 4. Nc3 fxe4 5. Nxe4 d5 6. Nxe5 dxe4 7. Qh5+ g6 8.
Nxg6 hxg6 9. Qxh8 Be6 10. O-O Qf6 11. Qxf6 Nxf6 12. d3 exd3 13. Re1 Kf7 14.
Bxd3 Bd6 15. Bxg6+ Kxg6 16. Rxe6 Nd4 17. Rxd6 cxd6 18. c3 Re8 19. Kf1 Nc2 20.
Rb1 Re1# 0-1

[Event "7ème édition de l'open A de Provence"]
[Site "Salon de Provence"]
[Date "2016.07.09"]
[Round "3.9"]
[White "Jackson, Edgar"]
[Black "Mazzella, Enzo"]
[Result "0-1"]
[WhiteElo "1723"]
[BlackElo "2015"]
[PlyCount "78"]
[EventDate "2016.??.??"]
[WhiteTeam "Gondrin Echecs Loisirs"]
[BlackTeam "Sanary Echecs"]

1. d4 Nf6 2. c4 g6 3. Nc3 d5 4. cxd5 Nxd5 5. e4 Nxc3 6. bxc3 Bg7 7. Bc4 c5 8.
Ne2 O-O 9. O-O Nc6 10. Be3 Na5 11. Bb3 b6 12. Rc1 Nb7 13. Qd2 e5 14. d5 Nd6 15.
c4 Nxe4 16. Qd1 f5 17. f3 Nd6 18. f4 exf4 19. Nxf4 Re8 20. Bf2 Ne4 21. Kh1 Qd6
22. Bg1 Bd7 23. Qd3 Re7 24. Bd1 Rae8 25. Nh3 Qf6 26. Rc2 a6 27. Qb3 Qd6 28. a4
Rb8 29. Bf3 Bh6 30. Nf2 Nd2 31. Rxd2 Bxd2 32. Qd3 Bh6 33. Bd1 b5 34. Qh3 Bg7
35. Nd3 Bd4 36. Bxd4 cxd4 37. c5 Qxd5 38. Qg3 Rbe8 39. Bf3 Qc4 0-1

[Event "7ème édition de l'open A de Provence"]
[Site "Salon de Provence"]
[Date "2016.07.09"]
[Round "3.10"]
[White "Nobili, Denis"]
[Black "Gamblin, Thibaut"]
[Result "1-0"]
[WhiteElo "1995"]
[BlackElo "1681"]
[PlyCount "41"]
[EventDate "2016.??.??"]
[WhiteTeam "L'Echiquier du Roy René"]
[BlackTeam "Marseille Echecs"]

1. d4 d5 2. c4 e6 3. Nc3 Nf6 4. Bg5 Be7 5. e3 O-O 6. Nf3 c6 7. Rc1 h6 8. Bh4
Nbd7 9. Bd3 Re8 10. O-O Bd6 11. Qc2 Qc7 12. cxd5 exd5 13. Nb5 Qb8 14. Nxd6 Qxd6
15. Bg3 Qf8 16. h3 Ne4 17. Bh2 a5 18. Ne5 Nxe5 19. Bxe5 Rxe5 20. dxe5 Ng5 21.
f4 1-0

[Event "7ème édition de l'open A de Provence"]
[Site "Salon de Provence"]
[Date "2016.07.09"]
[Round "3.11"]
[White "Salvi, Michel"]
[Black "Couderc, Christophe"]
[Result "0-1"]
[WhiteElo "1721"]
[BlackElo "1978"]
[PlyCount "82"]
[EventDate "2016.??.??"]
[WhiteTeam "Cercle d'Echecs Aubagnais"]
[BlackTeam "Salon Nostradamus"]

1. e4 c5 2. Nf3 Nc6 3. d4 cxd4 4. Nxd4 Nf6 5. Nc3 e5 6. Ndb5 d6 7. Nd5 Nxd5 8.
exd5 Ne7 9. c4 Ng6 10. Bd3 Be7 11. O-O a6 12. Nc3 O-O 13. b3 f5 14. Re1 Bg5 15.
Ba3 e4 16. Bf1 Bf6 17. Rc1 Bxc3 18. Rxc3 b6 19. b4 a5 20. Qb3 Ne5 21. bxa5 Rxa5
22. Rb1 Ra6 23. c5 Rxa3 24. Qxa3 bxc5 25. Rb8 f4 26. Qa8 e3 27. f3 Nd7 28. Rb2
Qf6 29. Qa3 g5 30. Rcc2 h5 31. Qc3 Ne5 32. Be2 Bf5 33. Rc1 g4 34. fxg4 hxg4 35.
Bc4 f3 36. g3 Qh6 37. Bf1 Be4 38. Bb5 f2+ 39. Kf1 Qh3+ 40. Ke2 f1=Q+ 41. Rxf1
Qxf1+ 0-1

[Event "7ème édition de l'open A de Provence"]
[Site "Salon de Provence"]
[Date "2016.07.09"]
[Round "3.12"]
[White "Busson, Benoist"]
[Black "Mars, Fiona"]
[Result "1/2-1/2"]
[WhiteElo "1964"]
[BlackElo "1706"]
[PlyCount "116"]
[EventDate "2016.??.??"]
[WhiteTeam "Salon Nostradamus"]
[BlackTeam "CE Vitrolles"]

1. e4 e5 2. d4 exd4 3. c3 Nc6 4. Bc4 d3 5. Nf3 Nf6 6. e5 Ng4 7. Bxf7+ Kxf7 8.
Ng5+ Ke8 9. Qxg4 Nxe5 10. Qe4 Qe7 11. O-O h6 12. Nf3 Nxf3+ 13. Qxf3 Qe2 14. Qg3
d6 15. Bd2 Kd8 16. Re1 Qh5 17. Qxd3 Be7 18. Na3 Bd7 19. Qe4 Qe8 20. Nc2 Bc6 21.
Qe6 Qd7 22. Nd4 Qxe6 23. Nxc6+ Kd7 24. Rxe6 bxc6 25. Rae1 Bf6 26. b3 a5 27.
R6e4 Rhb8 28. Ra4 Rb5 29. c4 Rc5 30. Kf1 Rh5 31. h3 Rf5 32. f3 d5 33. cxd5 cxd5
34. Rxa5 Rxa5 35. Bxa5 c5 36. Rc1 c4 37. bxc4 dxc4 38. Bc3 Rc5 39. Bxf6 gxf6
40. Rc3 Kc6 41. Ke2 Kb5 42. Kd2 Rd5+ 43. Kc2 Re5 44. Kb2 Kc5 45. Rc2 Re3 46.
Rf2 Kb4 47. f4 c3+ 48. Kc2 Kc4 49. f5 Re4 50. g3 Re3 51. Rf4+ Kd5 52. Rh4 Rxg3
53. Rxh6 Rg2+ 54. Kxc3 Rxa2 55. Rxf6 Ra3+ 56. Kb4 Rxh3 57. Ra6 Ke5 58. f6 Rf3
1/2-1/2

[Event "7ème édition de l'open A de Provence"]
[Site "Salon de Provence"]
[Date "2016.07.09"]
[Round "3.13"]
[White "Ahmed Rashed Al Hefe"]
[Black "Derige Kane, Yan"]
[Result "0-1"]
[WhiteElo "1588"]
[BlackElo "1959"]
[PlyCount "28"]
[EventDate "2016.??.??"]
[BlackTeam "Marseille Passion Echecs"]

1. d4 d5 2. Nf3 Nf6 3. Bf4 e6 4. e3 Bd6 5. Bd3 b6 6. Nbd2 Bb7 7. O-O O-O 8. Ne5
c5 9. c3 Nc6 10. Qe2 Qc7 11. Ndf3 Ne4 12. Qc2 f6 13. Bxe4 dxe4 14. Qxe4 Nxd4
0-1